Les idées de Claude Debussy

Guardado en:
Detalles Bibliográficos
Autor principal: Vallas, Léon (Autor)
Formato: Libro
Lenguaje:francés
Publicado: París Libraire de France 1927
Materias:
Etiquetas: Agregar Etiqueta
Sin Etiquetas, Sea el primero en etiquetar este registro!

MARC

LEADER 00000nam a2200000 a 4500
001 UCN1273
003 CL-VaPUC
008 010420e19270000FR |||||||||||||||||fre|d
082 0 4 |a 780.92  |b VAL  |2 21 
100 0 |a Vallas, Léon  |e author  |9 456800 
245 1 4 |a Les idées de Claude Debussy 
300 |a 250 p 
942 |c BK 
945 |d 20010420 00:00:00  |a crobeson 
260 |a París  |b Libraire de France  |c 1927 
600 0 |a Debussy, Claude  |9 267200 
650 0 |a Compositores franceses  |9 328980 
583 |a last modification  |c 20010420 00:00:00  |k Rodrigo Vera 
999 |c 294848  |d 294846